|
|
|
|
| LEADER |
00000nam a2200000 a 4500 |
| 001 |
vtls008950208 |
| 003 |
SK-MaSNL |
| 005 |
20260331205317.0 |
| 008 |
200318s2006 xo ol f p 000 0 slo |
| 015 |
|
|
|a SNBA2007/05-01877
|
| 020 |
|
|
|a 8080632030
|q (viaz.)
|
| 035 |
|
|
|a urn:nbn:sk:snk-am0094ga
|
| 035 |
|
|
|a urn:nbn:sk:snk-am3hbhp
|
| 035 |
|
|
|a 5F05E43F-A949-4794-8264-E96ED8B10393
|
| 040 |
|
|
|a SNK
|b slo
|c SNK
|e AACR2
|
| 041 |
0 |
|
|a slo
|
| 044 |
|
|
|a xo
|c SK
|
| 072 |
|
7 |
|a 61
|x Lekárske vedy. Medicína
|2 konspekt
|
| 080 |
|
|
|a 61
|2 2001
|
| 080 |
|
|
|a (075)
|2 2001
|
| 100 |
1 |
|
|a Kresánek, Jaroslav
|4 com
|9 279920
|
| 245 |
1 |
0 |
|a Dorastové lekárstvo
|c [zostavovatelia:] Jaroslav Kresánek, Katarína Furková a kolektív ; [autori: Milica Beránková ... [et al.]
|
| 250 |
|
|
|a 1. slov. vyd.
|
| 260 |
|
|
|a Martin
|b Osveta
|c 2006
|
| 300 |
|
|
|a 374 s. , [2] s. fotogr. príl.
|b fotogr., sch., tab.
|c 25 cm
|
| 504 |
|
|
|a Bibliogr. s. 363-[375]
|
| 650 |
0 |
7 |
|a dorastové lekárstvo
|2 SNKPH
|9 99517
|
| 655 |
|
7 |
|a učebnice
|2 SNKPH
|9 22521
|
| 655 |
|
7 |
|a Textbooks
|2 SNKPHeng
|9 276731
|
| 700 |
1 |
|
|a Furková, Katarína,
|d 1948-
|4 aut
|4 com
|9 183191
|
| 700 |
1 |
|
|a Beránková, Milica
|4 aut
|9 473748
|
| 919 |
|
|
|a 80-8063-203-0
|
| 958 |
|
|
|a NB
|
| 958 |
|
|
|a MI
|
| 968 |
|
|
|d 61
|
| 999 |
|
|
|c 740429
|d 742359
|
| 952 |
|
|
|a SNK
|b SNK
|y PREZ
|7 0
|p 17A0543991
|o snkSC 126884
|i snk2007/5559
|8 0
|0 0
|1 0
|4 0
|d 2007-02-28
|f 1
|l 0
|r 2025-06-16 00:00:00
|w 2026-02-23
|
| 952 |
|
|
|a SNK
|b SNK
|y VYP
|7 0
|p 17A0541906
|o snkSC 126884 D1
|i snk2007/5561
|8 0
|0 0
|1 0
|4 0
|d 2007-02-28
|l 0
|r 2026-02-23 22:57:32
|w 2026-02-23
|